| 000 | 01323nam a2200265Ia 4500 | ||
|---|---|---|---|
| 999 |
_c38969 _d38969 |
||
| 001 | 5424 | ||
| 003 | GE_BSU | ||
| 005 | 20191023110051.0 | ||
| 008 | 181216s||||||||xx |||||||||||||| ||und|| | ||
| 020 | _a9789941046995 | ||
| 040 | _cGE_BSU | ||
| 041 | _ageo | ||
| 080 | _a94(479.22) | ||
| 100 |
_aხანიაშვილი, ნაზი _91938 |
||
| 245 |
_aქართული გენი იბერიის ცივილიზაციათა სათავეებთან : _bეძღვნება ქართველთა მეფე ფარნავაზის მეფობის 4300 წლისთავს / _cნაზი ხანიაშვილი. |
||
| 264 |
_aთბილისი, _c2012. |
||
| 300 |
_a422 გვ. ; _b21 სმ. |
||
| 500 | _a გარეკანზე: "ოქროს საწმისი"-სიღნაღის ისტორიულ-ეთნოგრაფიული მუზეუმის ექსპონატი. | ||
| 653 | _a ქართული ანბანი; | ||
| 653 | _aქართული ცნობიერება; | ||
| 653 | _aკაბალა; | ||
| 653 | _aმითოლოგია; | ||
| 653 | _aსამყაროს გენეტიკური კოდი; | ||
| 942 |
_cBK _2udc |
||